A. WESLEY POWELL LEARNING RESOURCE CENTRE (WPLRC)

Wonderful Place to Learn, Research & Collaborate

Incidents in the life of a slave girl / (Record no. 8853)

MARC details
000 -LEADER
fixed length control field 01230nam a2200361 a 4500
001 - ACCESSION NUMBER
control field 46846
003 - CONTROL NUMBER IDENTIFIER
control field UkOxU
005 - DATE AND TIME OF LATEST TRANSACTION
control field 20180412091930.0
008 - FIXED-LENGTH DATA ELEMENTS--GENERAL INFORMATION
fixed length control field 010501r20011861nyu 000 0aeng
015 ## - NATIONAL BIBLIOGRAPHY NUMBER
National bibliography number GBA2-49925
020 ## - INTERNATIONAL STANDARD BOOK NUMBER
International Standard Book Number 0486419312 (pbk.)
035 ## - SYSTEM CONTROL NUMBER
System control number (OCoLC)ocm46951756
040 ## - CATALOGING SOURCE
Original cataloging agency DLC
Transcribing agency DLC
Modifying agency UKM
043 ## - GEOGRAPHIC AREA CODE
Geographic area code n-us---
050 00 - LIBRARY OF CONGRESS CALL NUMBER
Classification number E444 .J17
Item number A3 2001
082 00 - DEWEY DECIMAL CLASSIFICATION NUMBER
Classification number 305.4086'25/ JAC
-- B
Edition number 21
100 1# - MAIN ENTRY--PERSONAL NAME
Personal name Jacobs, Harriet A.
Fuller form of name (Harriet Ann),
Dates associated with a name 1813-1897.
245 10 - TITLE STATEMENT
Title Incidents in the life of a slave girl /
Statement of responsibility, etc. Harriet Jacobs.
260 ## - PUBLICATION, DISTRIBUTION, ETC. (IMPRINT)
Place of publication, distribution, etc. Mineola, NY :
Name of publisher, distributor, etc. Dover Publications,
Date of publication, distribution, etc. 2001.
300 ## - PHYSICAL DESCRIPTION
Extent vii, 167 p. ;
Dimensions 21 cm.
500 ## - GENERAL NOTE
General note Originally published: Boston, 1861.
600 10 - SUBJECT ADDED ENTRY--PERSONAL NAME
Personal name Jacobs, Harriet A.
Fuller form of name (Harriet Ann),
Dates associated with a name 1813-1897.
650 #0 - SUBJECT ADDED ENTRY--TOPICAL TERM
Topical term or geographic name as entry element Slaves
Geographic subdivision United States
Form subdivision Biography.
650 #0 - SUBJECT ADDED ENTRY--TOPICAL TERM
Topical term or geographic name as entry element Women slaves
Geographic subdivision United States
Form subdivision Biography.
650 #0 - SUBJECT ADDED ENTRY--TOPICAL TERM
Topical term or geographic name as entry element Slaves
Geographic subdivision United States
General subdivision Social conditions.
830 #0 - SERIES ADDED ENTRY--UNIFORM TITLE
Uniform title Dover thrift editions.
942 ## - ADDED ENTRY ELEMENTS (KOHA)
Source of classification or shelving scheme Dewey Decimal Classification
Koha item type Circ Books
Holdings
Withdrawn status Lost status Source of classification or shelving scheme Damaged status Not for loan Home library Current library Date acquired Total Checkouts Full call number Barcode Date last seen Price effective from Koha item type
    Dewey Decimal Classification     Wesley Powell Learning Resource Centre Wesley Powell Learning Resource Centre 04/12/2018   305.4086'25/ JAC 46846 04/12/2018 04/12/2018 Circ Books